Welcome to CU Library Online Public Access Catalogue (OPAC)

An Invitation To Health/ (Record no. 2910)

MARC details
000 -LEADER
fixed length control field 00500nam a22001577a 4500
005 - DATE AND TIME OF LATEST TRANSACTION
control field 20250123115024.0
008 - FIXED-LENGTH DATA ELEMENTS--GENERAL INFORMATION
fixed length control field 250123b |||||||| |||| 00| 0 eng d
020 ## - INTERNATIONAL STANDARD BOOK NUMBER
International Standard Book Number 9780495119425
050 ## - LIBRARY OF CONGRESS CALL NUMBER
Classification number RA776
Item number .H148
100 ## - MAIN ENTRY--PERSONAL NAME
Personal name Hales, Dianne
245 ## - TITLE STATEMENT
Title An Invitation To Health/
Remainder of title personal health self-assessments and health almanac for
Statement of responsibility, etc. Dianne Hales
250 ## - EDITION STATEMENT
Edition statement 5th ed.
Remainder of edition statement Brief
260 ## - PUBLICATION, DISTRIBUTION, ETC.
Place of publication, distribution, etc. Australia
Name of publisher, distributor, etc. Thomson Wadsworth
Date of publication, distribution, etc. 2008
300 ## - PHYSICAL DESCRIPTION
Extent 74p.
Other physical details ill. some color
Dimensions 27.5cm
942 ## - ADDED ENTRY ELEMENTS (KOHA)
Source of classification or shelving scheme Library of Congress Classification
Koha item type Books
Edition 5th ed.
Suppress in OPAC No
999 ## -
-- 2910
-- 2910
Holdings
Withdrawn status Lost status Source of classification or shelving scheme Damaged status Not for loan Collection Home library Current library Shelving location Date acquired Total checkouts Full call number Barcode Date last seen Copy number Price effective from Koha item type
    Library of Congress Classification     Non-fiction Science Library (Miotso) Science Library (Miotso) General stacks 01/23/2025   RA776 .H148 HAL SLM00002303 01/23/2025 1 01/23/2025 Books
    Library of Congress Classification     Non-fiction Science Library (Miotso) Science Library (Miotso) General stacks 01/23/2025   RA776 .H148 HAL SLM00002304 01/23/2025 2 01/23/2025 Books
© 2023-2024 Copyright: Central University Libraries. All Rights Reserved | Created by: Mahone Tech Office